000 00833cab a2200241 4500
001 WB3309-25
008 090401t1997 xxu||||| |||| 00| 0 eng d
035 _a(Sirsi) u59822
041 _aeng
245 _aInward investor claims `hollow`
260 _c1997
350 _a0
490 _aFinancial Times
_v28 February 1997, 12
490 _aIndependent
_v28 February 1997, 1 & 20(3)
520 _aFollowing the publication of a UN report suggesting France has overtaken the UK as the leading recipient of inward investment in Europe, Labour claims that government boasts about inward investment are `hollow`.
650 _aFRANCE
650 _aINWARD INVESTMENT
650 _aLABOUR PARTY
650 _aUNITED NATIONS REPORT
690 _aPROPERTY-PROPERTY FINANCE AND INVESTMENT
942 _n0
948 _c04/03/1997
999 _c36784
_d36784